[Event "Irish Championship 2004"]
[Site "Limerick IRL"]
[Date "2004.07.18"]
[Round "9"]
[White "Keogh, Eamon"]
[Black "White, Kevin"]
[Result "0-1"]
[WhiteTitle "NM"]
[WhiteElo "2123"]
[BlackElo "2045"]
[WhiteICU "1938"]
[WhiteClub "Kilkenny"]
[BlackNationality "ENG"]
[WhiteFideId "2500264"]
[BlackFideId "410624"]
[WhiteICUId "731"]
[PlyCount "68"]
[Venue "Kilmurry Lodge Hotel, Dublin Rd, N7, Castletroy, Limerick"]
[EventDate "2004.07.10"]
[Source "ICU games archive"]

{ Event information: <a
href="https://www.irlchess.com/irlch2004_allfiles/pairings_irlch2004.html">Tournament
report</a>. }

1. e4 e6 2. d4 c5 3. d5 exd5 4. exd5 d6 5. Nf3 Nf6 6. Nc3 Be7 7. Bd3 O-O 8.
O-O Na6 9. a3 Nc7 10. Re1 a6 11. Bg5 h6 12. Bxf6 Bxf6 13. Ne4 Bxb2 14. Ra2
Bf6 15. c4 b5 16. Rae2 bxc4 17. Bxc4 Bg4 18. Re3 Bxf3 19. Qxf3 Bd4 20. R3e2
Be5 21. Qf5 Nb5 22. Bd3 g6 23. Qh3 Nd4 24. Rd2 Bg7 25. f4 Re8 26. Rf1 c4
27. Bb1 f5 28. Nc3 Nb3 29. Rc2 Re3 30. Rf3 Re1+ 31. Kf2 Qe7 32. Re2 Rxe2+
33. Nxe2 Re8 34. Re3 Qa7 0-1

[Event "Irish Championship 2004"]
[Site "Limerick IRL"]
[Date "2004.07.18"]
[Round "9"]
[White "Orr, Mark J. L."]
[Black "McPhillips, Karl"]
[Result "1/2-1/2"]
[WhiteTitle "IM"]
[WhiteElo "2338"]
[BlackElo "2172"]
[WhiteICU "2273"]
[BlackICU "2099"]
[WhiteClub "Wandering Dragons SCO"]
[BlackClub "Kilkenny"]
[WhiteNationality "IRL"]
[BlackNationality "IRL"]
[WhiteFideId "2500035"]
[BlackFideId "2501503"]
[WhiteICUId "1350"]
[BlackICUId "5243"]
[PlyCount "82"]
[Venue "Kilmurry Lodge Hotel, Dublin Rd, N7, Castletroy, Limerick"]
[EventDate "2004.07.10"]
[Source "ICU games archive"]

{ Event information: <a
href="https://www.irlchess.com/irlch2004_allfiles/pairings_irlch2004.html">Tournament
report</a>. }

1. d4 Nf6 2. Bg5 d5 3. e3 g6 4. Bxf6 exf6 5. g3 c6 6. Bg2 Be6 7. Ne2 Nd7 8.
O-O h5 9. Nd2 f5 10. Nf4 g5 11. Nxe6 fxe6 12. c4 h4 13. cxd5 cxd5 14. g4 h3
15. Bf3 Nf6 16. gxf5 exf5 17. Qb3 Rh7 18. Rfc1 Bd6 19. Nf1 Kf8 20. Rc3 g4
21. Bh1 Ne4 22. Rc2 Rf7 23. Ng3 Rc8 24. Rac1 Rxc2 25. Rxc2 Qa5 26. Rc1 Bxg3
27. hxg3 Rc7 28. Rd1 b6 29. a3 Rc4 30. Qd3 Rc7 31. Bxe4 dxe4 32. Qb3 Qa6
33. Qe6 Qe2 34. Qd6+ Re7 35. Rc1 h2+ 36. Kxh2 Qxf2+ 37. Kh1 Qf3+ 38. Kh2
Qe2+ 39. Kh1 Qf3+ 40. Kh2 Qe2+ 41. Kh1 Qf3+ 1/2-1/2

[Event "Irish Championship 2004"]
[Site "Limerick IRL"]
[Date "2004.07.18"]
[Round "9"]
[White "Ryan, Joe"]
[Black "Joyce, John"]
[Result "1-0"]
[WhiteTitle "FM"]
[WhiteElo "2294"]
[BlackElo "2271"]
[WhiteICU "2316"]
[BlackICU "2235"]
[WhiteClub "Phibsboro"]
[BlackClub "Bray/Greystones"]
[WhiteNationality "IRL"]
[BlackNationality "IRL"]
[WhiteFideId "2500426"]
[BlackFideId "2500655"]
[WhiteICUId "1525"]
[BlackICUId "658"]
[PlyCount "97"]
[Venue "Kilmurry Lodge Hotel, Dublin Rd, N7, Castletroy, Limerick"]
[EventDate "2004.07.10"]
[Source "ICU games archive"]

{ Event information: <a
href="https://www.irlchess.com/irlch2004_allfiles/pairings_irlch2004.html">Tournament
report</a>. }

1. e4 c6 2. d4 d6 3. Nc3 Qc7 4. h3 e5 5. Nf3 Nf6 6. a4 Be7 7. Bc4 O-O 8.
O-O b6 9. Re1 a6 10. b3 Bb7 11. d5 Nbd7 12. Bg5 Rfe8 13. dxc6 Bxc6 14. Bxf6
Nxf6 15. Nd5 Nxd5 16. Bxd5 b5 17. c4 bxc4 18. Rc1 Bxd5 19. Qxd5 c3 20. Re3
Rac8 21. Rc2 h6 22. h4 a5 23. g3 Red8 24. Kg2 Bf6 25. Nh2 h5 26. Nf3 Qc5
27. Qxc5 Rxc5 28. Rcxc3 Rdc8 29. Rxc5 Rxc5 30. Rd3 Be7 31. Nd2 f5 32. exf5
d5 33. Nb1 e4 34. Rc3 d4 35. Rxc5 Bxc5 36. Nd2 e3 37. fxe3 dxe3 38. Nf3 Kf7
39. Ng5+ Ke7 40. Kf3 Bd4 41. Ne6 e2 42. Kxe2 Be5 43. Nf4 Kf6 44. Nxh5+ Kxf5
45. Kf3 Ke6 46. Ke4 Kd6 47. Nf4 Ba1 48. Nd3 Bf6 49. b4 1-0

[Event "Irish Championship 2004"]
[Site "Limerick IRL"]
[Date "2004.07.18"]
[Round "9"]
[White "Walsh, Paul"]
[Black "Mudrak, Josef"]
[Result "1/2-1/2"]
[BlackTitle "FM"]
[WhiteElo "2052"]
[BlackElo "2353"]
[WhiteICU "1991"]
[WhiteClub "Sarsfield"]
[WhiteNationality "IRL"]
[BlackNationality "CZE"]
[WhiteFideId "2501260"]
[BlackFideId "301116"]
[WhiteICUId "3820"]
[PlyCount "109"]
[Venue "Kilmurry Lodge Hotel, Dublin Rd, N7, Castletroy, Limerick"]
[EventDate "2004.07.10"]
[Source "ICU games archive"]
[BlackFullName "Mudr&aacute;k, Josef"]

{ Event information: <a
href="https://www.irlchess.com/irlch2004_allfiles/pairings_irlch2004.html">Tournament
report</a>. }

1. e4 c5 2. Nf3 Nc6 3. d4 cxd4 4. Nxd4 Nf6 5. Nc3 e5 6. Ndb5 d6 7. Bg5 a6
8. Na3 b5 9. Nd5 Be7 10. Bxf6 Bxf6 11. c3 O-O 12. Nc2 Bg5 13. Be2 g6 14. a4
bxa4 15. O-O Bd7 16. Rxa4 a5 17. Bb5 f5 18. Na3 Rb8 19. Rc4 Ne7 20. Bxd7
Qxd7 21. Rc7 Qe6 22. Nxe7+ Bxe7 23. Qd5 Qxd5 24. exd5 Bd8 25. Rc6 Rxb2 26.
Nc4 Rb5 27. Rd1 Be7 28. Nxd6 Bxd6 29. Rxd6 Rc8 30. Re6 Rxc3 31. Rxe5 Rd3
32. Rde1 Rbxd5 33. Re8+ Kg7 34. R1e7+ Kf6 35. h4 Rd1+ 36. Kh2 Rd7 37. Rxd7
Rxd7 38. Ra8 Rd5 39. f4 Ke6 40. h5 gxh5 41. Ra6+ Kd7 42. Kg3 Kc7 43. Rh6 a4
44. Rxh5 Ra5 45. Rxh7+ Kd6 46. Rh1 Ra8 47. Ra1 a3 48. Kh4 a2 49. g4 Ke6 50.
gxf5+ Kxf5 51. Kg3 Ke4 52. f5 Kxf5 53. Kf3 Ra3+ 54. Ke2 Rh3 55. Kd2 1/2-1/2